Silage choppers & snake spirits : (Record no. 33866)
[ view plain ]
| 000 -LEADER | |
|---|---|
| fixed length control field | 00885nam a2200217 4500 |
| 008 - FIXED-LENGTH DATA ELEMENTS--GENERAL INFORMATION | |
| fixed length control field | 090626s2009 ph ab b 001 0 eng |
| 020 ## - INTERNATIONAL STANDARD BOOK NUMBER | |
| International Standard Book Number | 9710483372 :Php1100.00 |
| 090 ## - LOCALLY ASSIGNED LC-TYPE CALL NUMBER (OCLC); LOCAL CALL NUMBER (OCLC) | |
| Classification number (OCLC) (R) ; Classification number, CALL (RLIN) (NR) | DS779.27 |
| Local cutter number (OCLC) ; Book number/undivided call number, CALL (RLIN) | C45 |
| -- | 2009 |
| 100 1# - MAIN ENTRY--PERSONAL NAME | |
| Personal name | Chou, Dao-yuan. |
| 245 10 - TITLE STATEMENT | |
| Title | Silage choppers & snake spirits : |
| Remainder of title | the lives & struggles of two Americanns in modern China / |
| Statement of responsibility, etc | Dao-yuan Chou ; Juliet de Lima-Sison, editor. |
| 246 3# - VARYING FORM OF TITLE | |
| Title proper/short title | Silage choppers and snake spirits |
| 260 ## - PUBLICATION, DISTRIBUTION, ETC. (IMPRINT) | |
| Place of publication, distribution, etc | Quezon City : |
| Name of publisher, distributor, etc | Ibon Books, |
| Date of publication, distribution, etc | c2009. |
| 300 ## - PHYSICAL DESCRIPTION | |
| Extent | xxvi, 466, xli p. : |
| Other physical details | ill., col. map |
| 651 #4 - SUBJECT ADDED ENTRY--GEOGRAPHIC NAME | |
| Geographic name | Chin |
| General subdivision | History |
| Chronological subdivision | 1976- |
| 651 #4 - SUBJECT ADDED ENTRY--GEOGRAPHIC NAME | |
| Geographic name | China |
| General subdivision | Foreign relations |
| Chronological subdivision | 1976- |
| 651 #4 - SUBJECT ADDED ENTRY--GEOGRAPHIC NAME | |
| Geographic name | China |
| General subdivision | Foreign relations |
| Geographic subdivision | United States. |
| 651 #4 - SUBJECT ADDED ENTRY--GEOGRAPHIC NAME | |
| Geographic name | United States |
| General subdivision | Foreign relations |
| Geographic subdivision | China. |
| 951 ## - EQUIVALENCE OR CROSS-REFERENCE-GEOGRAPHIC NAME/AREA NAME [OBSOLETE] [CAN/MARC only] | |
| General subdivision | 00038601 |
| 700 1# - ADDED ENTRY--PERSONAL NAME | |
| Personal name | de Lima-Sison, Juliet.5 |
| 951 ## - EQUIVALENCE OR CROSS-REFERENCE-GEOGRAPHIC NAME/AREA NAME [OBSOLETE] [CAN/MARC only] | |
| -- | 33453 |
| -- | SP-C FILDS779.27/C45/2009 |
| -- | 091201125815906 |
| -- | 2000-12-21 |
| -- | SP-C FIL |
| Withdrawn status | Lost status | Damaged status | Not for loan | Home library | Current library | Shelving location | Date acquired | Accession number | Shelving control number | Total Checkouts | Full call number | Barcode | Date last seen | Price effective from | Koha item type |
|---|---|---|---|---|---|---|---|---|---|---|---|---|---|---|---|
| BSOP Library | BSOP Library | Special Collections Filipiniana | 12/21/2000 | 33453 | 127 | SP-C FILDS779.27/C45/2009 | 00038601 | 02/23/2013 | 02/23/2013 | Books |
